00638nam a2200169 i 450000100060000000300090000600500170001500700030003200800410003510000280007624500840010426000790018830000300026785200320029799900170032995201220034658862ES-MaACL20230906163915.0t|031024s1969 sp ||||1| spa d1 aEguia, José I.94674210aPatronato San Miguel b: 1969 : Obra social / cdirección de José I. Eguia. aSan Sebastián : bCaja de Ahorros Municipal de San Sebastián, c[1969] a136 p. : bil. ; c23 cm. aES-MaACLjC-46699 bR.71310 c58862d58862 00104070aATENEOMbATENEOMcDEPO2d2008-01-17eSCl0oC-46699p1061748r2023-02-23 00:00:00w2023-02-23yMONOGRAFIA